<?xml version="1.0" encoding="UTF-8"?>
<record
    xmlns:xsi="http://www.w3.org/2001/XMLSchema-instance"
    xsi:schemaLocation="http://www.loc.gov/MARC21/slim http://www.loc.gov/standards/marcxml/schema/MARC21slim.xsd"
    xmlns="http://www.loc.gov/MARC21/slim">

  <leader>00520nam a22001577a 4500</leader>
  <controlfield tag="003">OSt</controlfield>
  <controlfield tag="005">20151102142421.0</controlfield>
  <controlfield tag="008">151102b        xxu||||| |||| 00| 0 eng d</controlfield>
  <datafield tag="040" ind1=" " ind2=" ">
    <subfield code="c">RUA</subfield>
  </datafield>
  <datafield tag="082" ind1=" " ind2=" ">
    <subfield code="a">FOR &#x1794;&#x17C9;&#x17BB;&#x179B; 1991 B116 Or.1</subfield>
  </datafield>
  <datafield tag="100" ind1=" " ind2=" ">
    <subfield code="9">3184</subfield>
    <subfield code="a">&#x1794;&#x17C9;&#x17BB;&#x179B; &#x1785;&#x17B6;&#x1793;&#x17CB;&#x1790;&#x17B6;</subfield>
  </datafield>
  <datafield tag="245" ind1=" " ind2=" ">
    <subfield code="a">&#x179F;&#x1780;&#x1798;&#x17D2;&#x1798;&#x1797;&#x17B6;&#x1796; &#x1793;&#x17B7;&#x1784;&#x1791;&#x17B7;&#x179F;&#x178A;&#x17C5;&#x17A2;&#x1797;&#x17B7;&#x179C;&#x178C;&#x17D2;&#x178D;&#x1793;&#x17CD;&#x179A;&#x17C4;&#x1784;&#x1785;&#x1780;&#x17D2;&#x179A;&#x17A2;&#x17B6;&#x179A;&#x1788;&#x17BE;&#x17A2;&#x17D2;&#x1793;&#x1780;&#x179B;&#x17BF;&#x1784;</subfield>
  </datafield>
  <datafield tag="260" ind1=" " ind2=" ">
    <subfield code="a">Phnom Penh</subfield>
    <subfield code="b">RUA</subfield>
    <subfield code="c">1991</subfield>
  </datafield>
  <datafield tag="300" ind1=" " ind2=" ">
    <subfield code="a">92p.</subfield>
    <subfield code="b">ill.</subfield>
    <subfield code="c">29cm.</subfield>
  </datafield>
  <datafield tag="942" ind1=" " ind2=" ">
    <subfield code="2">ddc</subfield>
    <subfield code="c">FOR</subfield>
  </datafield>
  <datafield tag="999" ind1=" " ind2=" ">
    <subfield code="c">2972</subfield>
    <subfield code="d">2972</subfield>
  </datafield>
  <datafield tag="952" ind1=" " ind2=" ">
    <subfield code="0">0</subfield>
    <subfield code="1">0</subfield>
    <subfield code="2">ddc</subfield>
    <subfield code="4">0</subfield>
    <subfield code="6">FOR_&#x1794;&#x17BB;&#x179B;_1991_000000000000000_B116_OR_1</subfield>
    <subfield code="7">0</subfield>
    <subfield code="9">14196</subfield>
    <subfield code="a">LBB</subfield>
    <subfield code="b">LBB</subfield>
    <subfield code="c">B116</subfield>
    <subfield code="d">2015-11-02</subfield>
    <subfield code="o">FOR &#x1794;&#x17C9;&#x17BB;&#x179B; 1991 B116 Or.1</subfield>
    <subfield code="p">RUA026074</subfield>
    <subfield code="r">2015-11-02</subfield>
    <subfield code="w">2015-11-02</subfield>
    <subfield code="y">FOR</subfield>
  </datafield>
  <datafield tag="952" ind1=" " ind2=" ">
    <subfield code="0">0</subfield>
    <subfield code="1">0</subfield>
    <subfield code="2">ddc</subfield>
    <subfield code="4">0</subfield>
    <subfield code="6">FOR_&#x1794;&#x17BB;&#x179B;_1991_000000000000000_B116_OR_2</subfield>
    <subfield code="7">0</subfield>
    <subfield code="9">14197</subfield>
    <subfield code="a">LBB</subfield>
    <subfield code="b">LBB</subfield>
    <subfield code="c">B116</subfield>
    <subfield code="d">2015-11-02</subfield>
    <subfield code="o">FOR &#x1794;&#x17C9;&#x17BB;&#x179B; 1991 B116 Or.2</subfield>
    <subfield code="p">RUA026058</subfield>
    <subfield code="r">2015-11-02</subfield>
    <subfield code="w">2015-11-02</subfield>
    <subfield code="y">FOR</subfield>
  </datafield>
  <datafield tag="952" ind1=" " ind2=" ">
    <subfield code="0">0</subfield>
    <subfield code="1">0</subfield>
    <subfield code="2">ddc</subfield>
    <subfield code="4">0</subfield>
    <subfield code="6">FOR_&#x1794;&#x17BB;&#x179B;_1991_000000000000000_B116_OR_3</subfield>
    <subfield code="7">0</subfield>
    <subfield code="9">14198</subfield>
    <subfield code="a">LBB</subfield>
    <subfield code="b">LBB</subfield>
    <subfield code="c">B116</subfield>
    <subfield code="d">2015-11-02</subfield>
    <subfield code="o">FOR &#x1794;&#x17C9;&#x17BB;&#x179B; 1991 B116 Or.3</subfield>
    <subfield code="p">RUA026376</subfield>
    <subfield code="r">2015-11-02</subfield>
    <subfield code="w">2015-11-02</subfield>
    <subfield code="y">FOR</subfield>
  </datafield>
  <datafield tag="952" ind1=" " ind2=" ">
    <subfield code="0">0</subfield>
    <subfield code="1">0</subfield>
    <subfield code="2">ddc</subfield>
    <subfield code="4">0</subfield>
    <subfield code="6">FOR_&#x1794;&#x17BB;&#x179B;_1991_000000000000000_B116_OR_4</subfield>
    <subfield code="7">0</subfield>
    <subfield code="9">14199</subfield>
    <subfield code="a">LBB</subfield>
    <subfield code="b">LBB</subfield>
    <subfield code="c">B116</subfield>
    <subfield code="d">2015-11-02</subfield>
    <subfield code="o">FOR &#x1794;&#x17C9;&#x17BB;&#x179B; 1991 B116 Or.4</subfield>
    <subfield code="p">RUA027625</subfield>
    <subfield code="r">2015-11-02</subfield>
    <subfield code="w">2015-11-02</subfield>
    <subfield code="y">FOR</subfield>
  </datafield>
</record>
